00531nam a2200169Ia 4500008004100000041001200041082001600053100001500069245003800084260000900122300000900131650001400140700001700154942000700171999001500178952016800193221030s9999 xx 000 0 und d aEnglish a105.23bPur aB. R. Puri 0aPrinciples of Inorganic Chemistry c1986 a1156 aChemistry aL. R. Sharma cBK c1079d1079 pBE 65g60.00l0o105.23 Purr2024-06-13 00:00:00w2022-10-30yBK003Print4070aMIETLIBbMIETLIBcBL-Academic Block C, FL-2, CUP-88, SH-5, R-5d1998-10-2910HBE